000 02069nam a2200481 i 4500
003 PE-LiUPU
005 20250731173602.0
008 240719b |||||||| |||| 00| 0 spa d
020 _a9789505738014
035 _a(OCoLC)1423296733
040 _aEXN
_bspa
_cPE-LiUPU
_dPE-LiUPU
_erda
082 _223
_a226.5
_bP327j
090 _aBS2615.4
_b.P38 S18 2001
100 _aPaulien, Jon,
_eautor.
_94285
245 1 0 _aJuan :
_bJesús da vida a una nueva generación /
_cJon Paulien, Ph.D. ; [traductora: Adriana Itin de Femopase]
250 _aPrimera edición.
264 1 _aBuenos Aires :
_bAsociación Casa Editora Sudamericana,
_c[2001]
264 4 _c©2000.
300 _a334 páginas ;
_c23 centímetros.
336 _atext
_btxt
_2rdacontent.
337 _aunmediated
_bn
_2rdamedia.
338 _avolume
_bnc
_2rdacarrier.
490 0 _a(Coleccion vida abundante. La Biblia amplificada)
500 _aTraducción de: Adriana Itin de Femopase
504 _aNotas bibliográficas al final de cada capítulo.
505 _aJesús desciende a la tierra -- Jesús llama a sus discípulos -- Los discípulos creen -- Un discípulo inquisitivo -- Los forasteros se convierten en discípulos -- Vida al paralítico -- El pan de vida -- El agua y la luz de la vida -- El Mesías trae vida de la muerte -- "La hora" de dar la vida -- Los discípulos reemplazan a Jesús -- El Espíritu Santo reemplaza a Jesús -- El arresto, los juicios y la muerte de Jesús -- La resurrección y reaparición de Jesús -- Los discípulos dan su vida.
526 _aSEG42
526 _aSEG41
526 _aSEG40
526 _aSEG39
526 _aP94
526 _aP87
526 _aP86
526 _aP85
526 _aP77
526 _aP76
526 _aP35
630 1 4 _aBiblia.
_pJuan
_xCrítica, interpretación etc.
_91253
700 1 _aItin de Femopase, Adriana,
_etraductor.
730 0 _aJohn.
_lSpanish.
_f2001.
942 _2ddc
_cBK
_n0
980 _618226
_aJaime Vilcazán Jefe de Análisis Documental
_81
_gALBERTO SANCHEZ Responsable de Automatización
999 _c62600
_d62599